Y học thường thức: Cấp cứu nội khoa

Sparad:
Bibliografiska uppgifter
Huvudupphovsman: Larcan, Alain
Materialtyp: Bok
Språk:Undetermined
Publicerad: Thành phố Hồ Chí Minh Nxb. Thành phố Hồ Chí Minh 1992
Ämnen:
Taggar: Lägg till en tagg
Inga taggar, Lägg till första taggen!
Thư viện lưu trữ: Trung tâm Học liệu Trường Đại học Cần Thơ
LEADER 00556nam a2200169Ia 4500
001 CTU_7518
008 210402s9999 xx 000 0 und d
082 |a 616.0252 
082 |b L319 
100 |a Larcan, Alain 
245 0 |a Y học thường thức: Cấp cứu nội khoa 
245 0 |c Alain Larcan ; Dịch giả Lê Văn Trị 
260 |a Thành phố Hồ Chí Minh 
260 |b Nxb. Thành phố Hồ Chí Minh 
260 |c 1992 
650 |a Internal medicine 
980 |a Trung tâm Học liệu Trường Đại học Cần Thơ